[Event "Ceske Budejovice op-B"]
[Site "Ceske Budejovice"]
[Date "2023.07.06"]
[Round "6"]
[White "Stodola, Zdenek"]
[Black "Yurchenko, Daniil"]
[Result "1-0"]
[WhiteElo "1482"]
[BlackElo "1239"]
[PlyCount "33"]
[EventDate "2023.07.01"]
[EventType "swiss"]
[EventRounds "9"]
[EventCountry "CZE"]
[SourceTitle "EXT 2024"]
[Source "ChessBase"]
[SourceDate "2023.10.10"]
[SourceVersion "1"]
[SourceVersionDate "2023.10.10"]
[SourceQuality "1"]

1. d4 d5 2. c4 e6 3. Nc3 Nf6 4. Bg5 Nc6 5. e3 Bd7 6. Bxf6 Qxf6 7. cxd5 exd5 8. Nxd5 Qd6 9. Nc3 Qg6 10. a3 Bf5 11. Nf3 Bd6 12. Nh4 Qg5 13. Nxf5 Qxf5 14. Bd3 Qg5 15. Qf3 0-0 16. Ne4 Qd5 17. Nf6+ 1-0

[Event "Ceske Budejovice op-B"]
[Site "Ceske Budejovice"]
[Date "2023.07.04"]
[Round "4"]
[White "Trcka, Bohdan"]
[Black "Yurchenko, Daniil"]
[Result "0-1"]
[WhiteElo "1361"]
[BlackElo "1239"]
[PlyCount "106"]
[EventDate "2023.07.01"]
[EventType "swiss"]
[EventRounds "9"]
[EventCountry "CZE"]
[SourceTitle "EXT 2024"]
[Source "ChessBase"]
[SourceDate "2023.10.10"]
[SourceVersion "1"]
[SourceVersionDate "2023.10.10"]
[SourceQuality "1"]

1. e4 e5 2. Be2 Nf6 3. d3 Bc5 4. Be3 Bb6 5. Bxb6 axb6 6. g4 h6 7. h4 Nc6 8. c3 d5 9. exd5 Nxd5 10. Nd2 Nf4 11. Nb3 Ng2+ 12. Kf1 Nxh4 13. Nf3 Ng6 14. g5 Bg4 15. gxh6 gxh6 16. Nfd2 Bf5 17. Ne4 Nf4 18. a3 Qe7 19. Bg4 Bxg4 20. Qxg4 Nxd3 21. Rb1 Qf8 22. Nf6+ Ke7 23. Qd7+ Kxf6 24. Qxd3 Ke7 25. Re1 Rd8 26. Nd4 Nxd4 27. cxd4 c5 28. Rxe5+ Kd6 29. Rhh5 Kc7 30. d5 Rd6 31. b4 Kb8 32. bxc5 bxc5 33. Qb5 Qc8 34. Re7 Rh7 35. Re8 Rd8 36. Rxd8 Qxd8 37. Qxc5 Qc8 38. Qd6+ Ka7 39. Rxh6 Qc1+ 40. Ke2 Rxh6 41. Qd8 Qc2+ 42. Ke3 Qc3+ 43. Ke2 Qxa3 44. Qe8 Qa2+ 45. Ke3 Qxd5 46. Qa4+ Ra6 47. Qc2 Re6+ 48. Kf4 Qe5+ 49. Kf3 Qd5+ 50. Kf4 Qd4+ 51. Kf3 Rf6+ 52. Kg2 Rxf2+ 53. Kh1 Qh4+ 0-1